LEADER 03723nam 22007212 450 001 9910450547603321 005 20151005020621.0 010 $a1-107-13259-2 010 $a1-280-41853-2 010 $a1-139-14787-0 010 $a0-511-18003-9 010 $a0-511-06445-4 010 $a0-511-05812-8 010 $a0-511-32630-0 010 $a0-511-49519-6 010 $a0-511-07291-0 035 $a(CKB)1000000000018078 035 $a(EBL)217905 035 $a(OCoLC)559277986 035 $a(SSID)ssj0000096512 035 $a(PQKBManifestationID)11138031 035 $a(PQKBTitleCode)TC0000096512 035 $a(PQKBWorkID)10081770 035 $a(PQKB)10949515 035 $a(UkCbUP)CR9780511495199 035 $a(MiAaPQ)EBC217905 035 $a(Au-PeEL)EBL217905 035 $a(CaPaEBR)ebr10070337 035 $a(CaONFJC)MIL41853 035 $a(EXLCZ)991000000000018078 100 $a20090306d2002|||| uy| 0 101 0 $aeng 135 $aur||||||||||| 181 $ctxt$2rdacontent 182 $cc$2rdamedia 183 $acr$2rdacarrier 200 10$aAccountability of armed opposition groups in international law /$fLiesbeth Zegveld$b[electronic resource] 210 1$aCambridge :$cCambridge University Press,$d2002. 215 $a1 online resource (xxviii, 260 pages) $cdigital, PDF file(s) 225 1 $aCambridge studies in international and comparative law ;$v24 300 $aTitle from publisher's bibliographic system (viewed on 05 Oct 2015). 311 $a0-521-04728-5 311 $a0-521-81130-9 320 $aIncludes bibliographical references (p. 231-241) and index. 327 $a1. Legal restraints on armed opposition groups as such -- 2. Substantive obligations of armed opposition groups as such -- 3. Accountability of group leaders -- 4. Accountability of armed opposition groups as such -- 5. Accountability of the state for acts of armed opposition groups -- 6. The quest for accountability. 330 $aWho is accountable under international law for the acts committed by armed opposition groups? In today's world the majority of political conflicts involve non-state actors attempting to exert political influence (such as overthrowing a government or bringing about secession). Notwithstanding their impact on the course of events, however, we often know little about these groups, and even less about how to treat their actions legally. In this award-winning scholarship, Liesbeth Zegveld examines the need to legally identify the parties involved when internal conflicts arise, and the reality of their demands for rights. Her study draws upon international humanitarian law, human rights law and international criminal law to consider a fundamental question: who is accountable for the acts committed by non-state actors, or for the failure to prevent or repress these acts? This study will be of interest to academics, postgraduate students and professionals involved with armed conflict and international relations. 410 0$aCambridge studies in international and comparative law (Cambridge, England : 1996) ;$v24. 606 $aCivil war$xProtection of civilians 606 $aInsurgency 606 $aCombatants and noncombatants (International law) 606 $aRevolutions 615 0$aCivil war$xProtection of civilians. 615 0$aInsurgency. 615 0$aCombatants and noncombatants (International law) 615 0$aRevolutions. 676 $a341.68 700 $aZegveld$b Liesbeth$0499840 801 0$bUkCbUP 801 1$bUkCbUP 906 $aBOOK 912 $a9910450547603321 996 $aAccountability of armed opposition groups in international law$9740282 997 $aUNINA LEADER 03416nam 2200637 450 001 9910796974703321 005 20230814223108.0 010 $a3-11-056092-5 010 $a3-11-056381-9 024 7 $a10.1515/9783110563818 035 $a(CKB)4100000005043727 035 $a(MiAaPQ)EBC5157718 035 $a(DE-B1597)487516 035 $a(OCoLC)1025379090 035 $a(DE-B1597)9783110563818 035 $a(Au-PeEL)EBL5157718 035 $a(CaPaEBR)ebr11605183 035 $a(EXLCZ)994100000005043727 100 $a20180921d2018 uy 0 101 0 $ager 135 $aurcnu|||||||| 181 $ctxt$2rdacontent 182 $cc$2rdamedia 183 $acr$2rdacarrier 200 10$aPra?teritumschwund im Deutschen $eDokumentation und Erkla?rung eines Verdra?ngungsprozesses /$fHanna Fischer 210 1$aBerlin ;$aBoston :$cDe Gruyter,$d[2018] 210 4$d©2018 215 $a1 online resource (450 pages) 225 1 $aStudia Linguistica Germanica ;$vBand 132 311 $a3-11-056070-4 320 $aIncludes bibliographical references and index. 327 $tFrontmatter -- $tVorwort -- $tInhalt -- $t1. Einleitung -- $t2. Die Dokumentation des Präteritumschwunds -- $t3. Die Erklärung des Präteritumschwunds -- $t4. Ergebnisse der Arbeit und Ausblick -- $t5. Verzeichnisse -- $tRegister 330 $aSeit 130 Jahren bemüht sich die sprachwissenschaftliche Forschung vergeblich um eine plausible Erklärung des sog. "Präteritumschwunds": dem Verlust der Präteritumformen im gesprochenen Deutsch. Die vorliegende Arbeit setzt an diesem Desiderat an und führt in innovativer Weise Theoriebildung, Erkenntnisse und Methoden aus unterschiedlichen linguistischen Disziplinen - Dialektologie, Sprachgeschichte, Grammatikforschung, Tempus & Aspekt-Forschung - ertragreich zusammen. Die Studie liefert zum einen eine umfassende Dokumentation des Präteritumschwunds in Raum und Zeit. Dazu werden in Form einer Metanalyse zahlreiche Dialektgrammatiken, Sprachkarten und Korpusstudien ausgewertet und zu einem Gesamtbild zusammengefügt. Die gestaffelte Verteilung von Präteritumformen im Raum sowie die historische Entwicklung lassen auf eine sukzesssive und prinzipiengeleitete Verdrängung der Präteritumformen durch die expandierende Perfektform schließen. Zum anderen wird auf Basis von modernen theoretischen Konzepten eine Erklärung erarbeitet, die neben der Ursache des Prozesses auch weitere Faktoren des Präteritumschwunds bestimmt und eine europäische Perspektive eröffnet. 410 0$aStudia linguistica Germanica ;$vBand 132. 606 $aGerman language$xTense 606 $aGerman language$xVerb 606 $aFOREIGN LANGUAGE STUDY / German$2bisacsh 606 $aLANGUAGE ARTS & DISCIPLINES / Linguistics / General$2bisacsh 610 $aAspect. 610 $aPresent Perfect. 610 $aPreterit. 610 $aTense. 615 0$aGerman language$xTense. 615 0$aGerman language$xVerb. 615 7$aFOREIGN LANGUAGE STUDY / German. 615 7$aLANGUAGE ARTS & DISCIPLINES / Linguistics / General. 676 $a435/.62 686 $aFOR009000$aLAN009000$2bisacsh 700 $aFischer$b Hanna$f1983-$01546273 801 0$bMiAaPQ 801 1$bMiAaPQ 801 2$bMiAaPQ 906 $aBOOK 912 $a9910796974703321 996 $aPra?teritumschwund im Deutschen$93801731 997 $aUNINA